000 00236nam a2200097Ia 4500
001 805651
005 20250826171156.0
008 250824s9999 xx 000 0 und d
245 0 _aGECE SESLERİ
_cAYŞE KULİN
260 _bEVEREST YAYINLARI
999 _c805651
_d805651